Najpopularniejsze sklepy elektroniczne w Polsce - Statystyki

Ogólne statystyki
  • Ten quiz został rozwiązany 58 razy
  • Średni wynik to 4 z 7
Statystyki odpowiedzi
Liczba sklepów Sklep elektroniczny % Poprawnych
480 Media Expert
100%
90 Media Markt
90%
286 RTV Euro AGD
83%
300 Neonet
48%
376 Komputronik
40%
426 Max Elektro
10%
200 Partner
4%
Nie znaleziono quizów pasujących do podanych kryteriów
Rozkład punktacji
Procent ludzi z każdym wynikiem
Percentyl według liczby udzielonych odpowiedzi
Twoja historia wyników
Nie rozwiązałeś tego quizu